我要像海鸟一样飞 (Record no. 63474)

000 -LEADER
fixed length control field 00524nam a22001937a 4500
003 - CONTROL NUMBER IDENTIFIER
control field MPLRDC
005 - DATE AND TIME OF LATEST TRANSACTION
control field 20220104185749.0
008 - FIXED-LENGTH DATA ELEMENTS--GENERAL INFORMATION
fixed length control field 210129b ||||| |||| 00| 0 eng d
020 ## - INTERNATIONAL STANDARD BOOK NUMBER
International Standard Book Number 967-5439-06-3
082 ## - DEWEY DECIMAL CLASSIFICATION NUMBER
Classification number 859.6 CHJ v.1
100 ## - MAIN ENTRY--PERSONAL NAME
Personal name 陈惠君
245 ## - TITLE STATEMENT
Title 我要像海鸟一样飞
Statement of responsibility, etc.
250 ## - EDITION STATEMENT
Edition statement 一版一刷
260 ## - PUBLICATION, DISTRIBUTION, ETC.
Place of publication, distribution, etc. 马来西亚
Name of publisher, distributor, etc. 红蜻蜓出版有限公司 ODONATA PUBLISHING SDN BHD
Date of publication, distribution, etc. 2010
300 ## - PHYSICAL DESCRIPTION
Other physical details
490 ## - SERIES STATEMENT
Series statement 陈惠君作品. 01
650 ## - SUBJECT ADDED ENTRY--TOPICAL TERM
Topical term or geographic name entry element 儿童文学
942 ## - ADDED ENTRY ELEMENTS (KOHA)
Koha item type Book
-- 859.6 CHJ v.1
Holdings
Withdrawn status Lost status Source of classification or shelving scheme Damaged status Not for loan Collection code Home library Current library Shelving location Date acquired Cost, normal purchase price Total Checkouts Full call number Barcode Date last seen Date last checked out Price effective from Koha item type Public note
            Malaysian Public Library, Research and Development Centre Malaysian Public Library, Research and Development Centre   17/09/2010 16.00   859.6 CHJ v.1 00057618 18/03/2021 27/12/2015 18/03/2021 Book mplrdc

© 2022. Malaysian Public Library, Research and Development Centre. All Right ReservedE-mailmplrdc@help.edu.my 

Powered by Koha